[Event "PRO League Group Stage"]
[Site "chess.com INT"]
[Date "2020.02.10"]
[Round "6"]
[White "Roberson, Peter T"]
[Black "Leitao, Rafael"]
[Result "1-0"]
[WhiteTitle "IM"]
[BlackTitle "GM"]
[WhiteElo "2435"]
[BlackElo "2592"]
[WhiteTeam "U.K. Lions"]
[BlackTeam "Brazil Capybaras"]
[WhiteFideId "412384"]
[BlackFideId "2101246"]
[EventDate "2020.01.06"]

1. e4 c5 2. c3 Nf6 3. e5 Nd5 4. Nf3 e6 5. d4 cxd4 6. cxd4 d6 7. Bd2 Nc6 8. Nc3
Be7 9. Bc4 Nb6 10. Bb3 O-O 11. O-O Bd7 12. Qe2 d5 13. Bc2 Nc4 14. Qd3 g6 15. Bh6
Nxb2 16. Qe2 Re8 17. Bxg6 fxg6 18. Qxb2 Na5 19. Qd2 Bf8 20. h4 Bxh6 21. Qxh6 Qe7
22. Nh2 Nc6 23. Ng4 Rf8 24. Rad1 Rf5 25. Nf6+ Rxf6 26. exf6 Qxf6 27. Ne2 Rf8 28.
h5 Be8 29. hxg6 Bxg6 30. Qe3 Kh8 31. Rfe1 Bh5 32. Rd2 Na5 33. Ng3 Bf7 34. Qa3
Qd8 35. Rde2 Nc6 36. Qe3 Qf6 37. Rd2 Rg8 38. Rd3 Rg4 39. Ne2 Re4 40. Qg3 Bg6 41.
Re3 Qf7 42. Rxe4 Bxe4 43. f3 Bd3 44. Qh4 Qg7 45. Kh2 Bf5 46. Rd1 h6 47. Ng3 Bg6
48. Qf4 Kh7 49. Rd2 Kh8 50. Nf1 Kh7 51. Ne3 Qe7 52. Qg3 h5 53. Qf4 Kg7 54. Nd1
Kh7 55. Nf2 Bf5 56. Nh3 Kg6 57. Qg3+ Kh6 58. Nf4 Qf6 59. Qg8 Nxd4 60. Nh3 Bh7
61. Qg3 Nf5 62. Qf4+ Kg7 63. Qc7+ Qe7 64. Qxe7+ Nxe7 65. Nf4 Bg8 66. Nxh5+ Kh6
67. g4 e5 68. Nf6 Be6 69. Kg3 Kg6 70. Ne8 Bd7 71. Nc7 Bc6 72. f4 e4 73. Ne6 Bb5
74. f5+ Kf6 75. Kf4 1-0

[Event "PRO League Group Stage"]
[Site "chess.com INT"]
[Date "2020.02.10"]
[Round "6"]
[White "Saric, Ivan"]
[Black "Cori, Jorge"]
[Result "1-0"]
[WhiteTitle "GM"]
[BlackTitle "GM"]
[WhiteElo "2655"]
[BlackElo "2652"]
[WhiteTeam "Canada Chessbrahs"]
[BlackTeam "Chicago Wind"]
[WhiteFideId "14508150"]
[BlackFideId "3802272"]
[EventDate "2020.01.06"]

1. e4 c5 2. Nf3 e6 3. d4 cxd4 4. Nxd4 Nc6 5. Nc3 Qc7 6. g3 a6 7. Bg2 Nf6 8. O-O
d6 9. Nxc6 bxc6 10. Na4 Be7 11. c4 O-O 12. Qe2 Bb7 13. b3 Nd7 14. Bb2 e5 15.
Rad1 Rfd8 16. f4 Bf6 17. Qd2 Nb6 18. Qa5 Nd5 19. Rxd5 Qxa5 20. Rxa5 Re8 21. Nc3
Bd8 22. Ra4 Bb6+ 23. Kh1 a5 24. fxe5 dxe5 25. b4 Red8 26. c5 Bc7 27. b5 Rd2 28.
Ba1 h5 29. b6 Bd8 30. Rd1 Rxd1+ 31. Nxd1 Be7 32. Rc4 Rd8 33. Rc1 Bxc5 34. Bxe5
Bxb6 35. Bf3 Rd3 36. Rb1 Rxf3 37. Rxb6 Rf1+ 38. Kg2 Rxd1 39. Rxb7 Rd2+ 40. Kf3
Rxh2 41. Rb2 Rxb2 42. Bxb2 a4 43. Ke3 f6 44. Kd4 Kf7 45. Kc5 g5 46. Kb4 h4 47.
gxh4 gxh4 48. Bc1 Ke6 49. Bf4 f5 50. e5 Kd5 51. Kxa4 1-0

[Event "PRO League Group Stage"]
[Site "chess.com INT"]
[Date "2020.02.10"]
[Round "6"]
[White "Shimanov, Aleksandr"]
[Black "Firouzja, Alireza"]
[Result "0-1"]
[WhiteTitle "GM"]
[BlackTitle "GM"]
[WhiteElo "2587"]
[BlackElo "2723"]
[WhiteTeam "Chicago Wind"]
[BlackTeam "Canada Chessbrahs"]
[WhiteFideId "4198603"]
[BlackFideId "12573981"]
[EventDate "2020.01.06"]

1. e4 e5 2. Nf3 Nc6 3. Bc4 Bc5 4. c3 Nf6 5. d3 O-O 6. Bg5 h6 7. Bh4 Be7 8. Nbd2
d6 9. a4 Nh5 10. g3 Nf6 11. Bxf6 Bxf6 12. h4 Nb8 13. Nh2 c6 14. Ng4 Be7 15. Ne3
Na6 16. Qh5 Nc7 17. Nf3 Bf6 18. Ng4 d5 19. Bb3 g6 20. Nxh6+ Kg7 0-1

[Event "PRO League Group Stage"]
[Site "chess.com INT"]
[Date "2020.02.10"]
[Round "6"]
[White "Dominguez Perez, Leinier"]
[Black "Perez, Maximiliano"]
[Result "1-0"]
[WhiteTitle "GM"]
[BlackTitle "IM"]
[WhiteElo "2758"]
[BlackElo "2417"]
[WhiteTeam "Saint Louis Arch Bishops"]
[BlackTeam "Argentina Krakens"]
[WhiteFideId "3503240"]
[BlackFideId "117234"]
[EventDate "2020.01.06"]

1. e4 e5 2. Nf3 Nf6 3. Nxe5 d6 4. Nf3 Nxe4 5. Nc3 Nxc3 6. dxc3 Be7 7. Be3 Be6 8.
Bd3 Nc6 9. Qe2 Qd7 10. O-O-O O-O 11. h4 Bf5 12. h5 Bxd3 13. Qxd3 h6 14. g4 Qe6
15. g5 hxg5 16. Nxg5 Bxg5 17. Bxg5 Ne5 18. Qg3 f6 19. Bf4 Qxa2 20. Rdg1 Rf7 21.
b3 Qa1+ 22. Kd2 Qa5 23. Kd1 Re8 24. Bd2 Qd5 25. Rh3 Nd7 26. h6 Ree7 27. Qg6 Qe4
28. Qh5 g5 29. f4 Kh7 30. fxg5 fxg5 31. Qxg5 Re8 32. Kc1 Qf5 33. Qxf5+ Rxf5 34.
Rg7+ Kh8 35. Rxd7 1-0

[Event "PRO League Group Stage"]
[Site "chess.com INT"]
[Date "2020.02.10"]
[Round "6"]
[White "Obregon, Andres Carlos"]
[Black "Xiong, Jeffery"]
[Result "0-1"]
[WhiteTitle "GM"]
[BlackTitle "GM"]
[WhiteElo "2525"]
[BlackElo "2712"]
[WhiteTeam "Argentina Krakens"]
[BlackTeam "Saint Louis Arch Bishops"]
[WhiteFideId "111724"]
[BlackFideId "2047640"]
[EventDate "2020.01.06"]

1. e4 c5 2. Nf3 d6 3. d4 cxd4 4. Nxd4 Nf6 5. Nc3 a6 6. Bg5 e6 7. f4 h6 8. Bh4
Qb6 9. a3 Nbd7 10. Bf2 Qc7 11. Qe2 b5 12. O-O-O h5 13. g3 Bb7 14. Bh3 Nc5 15.
Rhe1 Rc8 16. e5 dxe5 17. fxe5 Ng4 18. Bxg4 hxg4 19. Qxg4 Rxh2 20. Re2 Rd8 21.
Red2 Qxe5 22. Nc6 Rxd2 23. Nxe5 Rdxf2 24. Nd3 Rxc2+ 25. Kb1 Nxd3 26. Rxd3 Rxb2+
27. Ka1 Rbc2 28. Qf4 Rh1+ 29. Nb1 Rc8 30. Qd4 Bd5 31. Re3 Be7 32. Qxg7 Rcc1 0-1

[Event "PRO League Group Stage"]
[Site "chess.com INT"]
[Date "2020.02.10"]
[Round "6"]
[White "Jones, Gawain C B"]
[Black "Mekhitarian, Krikor Sevag"]
[Result "1/2-1/2"]
[WhiteTitle "GM"]
[BlackTitle "GM"]
[WhiteElo "2679"]
[BlackElo "2563"]
[WhiteTeam "U.K. Lions"]
[BlackTeam "Brazil Capybaras"]
[WhiteFideId "409561"]
[BlackFideId "2107660"]
[EventDate "2020.01.06"]

1. c4 c5 2. g3 Nc6 3. Bg2 g6 4. Nc3 Bg7 5. d3 d6 6. Bd2 Qd7 7. Qa4 e6 8. Bxc6
bxc6 9. Nf3 Ne7 10. Qa5 O-O 11. h4 h6 12. g4 Rb8 13. O-O-O e5 14. g5 h5 15. Ne4
Nf5 16. Rhg1 Qb7 17. b3 Qb6 18. e3 Be6 19. Bc3 Rfd8 20. Nf6+ Kf8 21. Qa3 a5 22.
e4 Ne7 23. Qxa5 Qb7 24. Qa3 Ra8 25. Qb2 Rdb8 26. Rd2 Ng8 27. Nxe5 dxe5 28. Bxe5
Nxf6 29. gxf6 Bh6 30. f4 Rd8 31. Kc2 Bg4 32. Rg3 Qd7 33. a4 Re8 34. Rf2 Rad8 35.
Qc3 Kg8 36. Qa1 Kh7 37. Bc3 Qc7 38. Qf1 Qb7 39. f5 Qd7 40. fxg6+ fxg6 41. a5 Rf8
42. Qg2 Rf7 43. Rf1 Qe6 44. Qf2 Qd6 45. e5 Qe6 46. Qxc5 Bf5 47. Rff3 Rfd7 48. a6
Bg4 49. Rf2 Bf5 50. Kb2 Bxd3 51. a7 Bf5 52. Rg1 Bf8 53. Qb6 Re8 54. Qb8 Rdd8 55.
Qb7+ Qd7 56. Qxd7+ Rxd7 57. Rxf5 gxf5 58. e6 Rxa7 59. e7 Bxe7 60. fxe7 Raxe7 61.
Rg5 Rf7 62. Rxh5+ Kg6 63. Rg5+ Kh6 64. Bd2 f4 65. Kc3 Kh7 66. Rh5+ Kg6 67. Rg5+
Kh7 68. Rg1 f3 69. Rf1 f2 70. b4 Rf3+ 71. Kd4 Re2 72. Bc3 Rc2 73. Ba1 Ra3 74. b5
cxb5 75. cxb5 Re2 76. Bc3 Rc2 77. Bb4 Ra4 78. Kd3 Rb2 79. Bc3 Rba2 80. b6 Rf4
81. Be5 Rf7 82. Bc7 Rb2 83. Kc3 Rb5 84. Kc4 Rb2 85. Kc5 Kg6 86. Kc6 Rc2+ 87. Kd6
Rb2 88. Kc6 Rc2+ 89. Kd6 Rd2+ 90. Ke6 Re2+ 91. Kd5 Rb2 92. Kc5 Kh5 93. Bg3 Kg4
94. Rxf2 Rfxf2 95. Bxf2 Rxf2 96. b7 Rb2 97. Kc6 Kxh4 98. Kc7 Kg5 99. b8=Q Rxb8
100. Kxb8 1/2-1/2

[Event "PRO League Group Stage"]
[Site "chess.com INT"]
[Date "2020.02.10"]
[Round "6"]
[White "Haria, Ravi"]
[Black "Fier, Alexandr"]
[Result "0-1"]
[WhiteTitle "IM"]
[BlackTitle "GM"]
[WhiteElo "2450"]
[BlackElo "2528"]
[WhiteTeam "U.K. Lions"]
[BlackTeam "Brazil Capybaras"]
[WhiteFideId "415820"]
[BlackFideId "2107139"]
[EventDate "2020.01.06"]

1. Nf3 c5 2. e4 Nc6 3. Bb5 e6 4. O-O Nge7 5. Re1 a6 6. Bf1 Ng6 7. c3 Be7 8. d4
cxd4 9. cxd4 d5 10. Nc3 dxe4 11. Nxe4 O-O 12. Bg5 h6 13. Bxe7 Ncxe7 14. Rc1 Bd7
15. h4 Bc6 16. h5 Nf4 17. Ne5 Nfd5 18. Bd3 Nf5 19. Bb1 Nde7 20. Nxc6 bxc6 21.
Rc4 a5 22. Qd3 Nd5 23. g4 Re8 24. Ng3 Nf4 25. Qd2 Nh3+ 26. Kh2 Ng5 27. Qd3 Nxg3
28. Kxg3 Qd6+ 29. f4 f5 30. Re5 Nh7 31. gxf5 Nf6 32. fxe6 Rxe6 33. Qf5 Ree8 34.
Bc2 c5 35. Bb3 Kh8 36. dxc5 Qd2 37. c6 Rad8 38. Rc3 Rxe5 39. fxe5 Qe1+ 40. Qf2
Ne4+ 0-1

[Event "PRO League Group Stage"]
[Site "chess.com INT"]
[Date "2020.02.10"]
[Round "6"]
[White "Leitao, Rafael"]
[Black "Astaneh Lopez, Alex"]
[Result "0-1"]
[WhiteTitle "GM"]
[BlackTitle "IM"]
[WhiteElo "2592"]
[BlackElo "2432"]
[WhiteTeam "Brazil Capybaras"]
[BlackTeam "U.K. Lions"]
[WhiteFideId "2101246"]
[BlackFideId "2501430"]
[EventDate "2020.01.06"]

1. d4 Nf6 2. c4 e6 3. Nf3 c5 4. d5 exd5 5. cxd5 d6 6. Nc3 g6 7. g3 Bg7 8. Bg2
O-O 9. O-O Re8 10. Re1 Na6 11. e4 Bg4 12. h3 Bxf3 13. Bxf3 Qd7 14. Bg2 b5 15. a4
b4 16. Nb5 Nc7 17. Nxd6 Qxd6 18. e5 Rxe5 19. Rxe5 Qxe5 20. Bf4 Qxb2 21. Rb1 Qxb1
22. Qxb1 Ncxd5 23. Qb3 Rd8 24. Be5 Nc3 25. Bxc3 Rd3 26. Qc4 Rxc3 27. Qb5 Bf8 28.
Bf1 Ne4 29. Qb7 Nd2 30. Bg2 Rc1+ 31. Kh2 Nf1+ 32. Bxf1 Rxf1 33. Kg2 Ra1 34. Qxa7
c4 35. a5 c3 36. a6 c2 0-1

[Event "PRO League Group Stage"]
[Site "chess.com INT"]
[Date "2020.02.10"]
[Round "6"]
[White "Di Berardino, Diego Rafael"]
[Black "Roberson, Peter T"]
[Result "1-0"]
[WhiteTitle "IM"]
[BlackTitle "IM"]
[WhiteElo "2478"]
[BlackElo "2435"]
[WhiteTeam "Brazil Capybaras"]
[BlackTeam "U.K. Lions"]
[WhiteFideId "2105446"]
[BlackFideId "412384"]
[EventDate "2020.01.06"]

1. e4 e6 2. d4 d5 3. Nd2 c5 4. exd5 Qxd5 5. dxc5 Qxc5 6. Ngf3 Nf6 7. Bd3 Nbd7 8.
O-O Qc7 9. b3 Nc5 10. Bc4 Bd6 11. Bb2 O-O 12. Qe2 b6 13. Bxf6 gxf6 14. Ne4 Nxe4
15. Qxe4 Bb7 16. Qg4+ Kh8 17. Qh4 Rg8 18. Qxf6+ Rg7 19. g3 Rc8 20. Be2 Qxc2 21.
Ne5 Kg8 22. Rae1 Bb4 23. Bd3 Qd2 24. Re3 Rc1 25. Qd8+ Bf8 26. Bxh7+ Rxh7 27.
Qxd2 Rc5 28. Nf3 Be7 29. Rd3 Rch5 30. h4 Rg7 31. Qe2 Bxh4 32. Nxh4 Rxh4 33. Rd8+
Kh7 34. f3 Rxg3+ 35. Kf2 Rh2+ 36. Kxg3 Rxe2 37. Rd7 Bd5 38. Rxf7+ Kg6 39. Rxa7
Kf5 40. Rf2 Re3 41. Rf7+ Ke5 42. Rh7 Kd4 43. Rh4+ Kc5 44. Rc2+ Kb5 45. Rf4 e5
46. Rf5 Be6 47. Rg5 Ka6 48. Rd2 e4 49. Rf2 Bd7 50. Kf4 Rxf3+ 51. Rxf3 exf3 52.
Kxf3 b5 53. Ke3 Ka5 54. a3 Be6 55. b4+ Ka4 56. Kd4 Bc4 57. Rg3 Bb3 58. Kc5 Bc4
59. Rh3 Bd3 60. Re3 Bc4 61. Rc3 Be2 62. Kd4 Bf1 63. Ke3 Be2 64. Kd2 Bc4 65. Kc1
Bb3 66. Kb2 Bd5 67. Rc7 Bb7 68. Rd7 Ba6 69. Re7 Bb7 70. Re6 Bc8 71. Rb6 Bb7 72.
Kc3 Bc8 73. Rb8 Ba6 74. Ra8 Kxa3 75. Rxa6# 1-0

[Event "PRO League Group Stage"]
[Site "chess.com INT"]
[Date "2020.02.10"]
[Round "6"]
[White "Robson, Ray"]
[Black "Saric, Ivan"]
[Result "1/2-1/2"]
[WhiteTitle "GM"]
[BlackTitle "GM"]
[WhiteElo "2673"]
[BlackElo "2655"]
[WhiteTeam "Chicago Wind"]
[BlackTeam "Canada Chessbrahs"]
[WhiteFideId "2023970"]
[BlackFideId "14508150"]
[EventDate "2020.01.06"]

1. e4 c5 2. Nf3 Nc6 3. Nc3 g6 4. d4 cxd4 5. Nxd4 Bg7 6. Be3 Nf6 7. Bc4 O-O 8.
Bb3 d6 9. f3 Bd7 10. h4 h5 11. Qd2 Rc8 12. O-O-O Ne5 13. Bg5 Re8 14. f4 Nc4 15.
Qd3 Na5 16. f5 Nxb3+ 17. axb3 Ng4 18. Rhf1 Qa5 19. Kb1 e6 20. fxg6 fxg6 21. e5
Nxe5 22. Qg3 Rxc3 23. bxc3 Rc8 24. Bf6 Qxc3 25. Rf3 Qc5 26. Bxg7 Kxg7 27. Qg5
Nxf3 28. Qe7+ Kh6 29. gxf3 e5 30. Qg5+ Kh7 31. Qe7+ Kh6 32. Qg5+ Kh7 33. Qe7+
Kh6 1/2-1/2

[Event "PRO League Group Stage"]
[Site "chess.com INT"]
[Date "2020.02.10"]
[Round "6"]
[White "Firouzja, Alireza"]
[Black "Tang, Andrew"]
[Result "1-0"]
[WhiteTitle "GM"]
[BlackTitle "GM"]
[WhiteElo "2723"]
[BlackElo "2521"]
[WhiteTeam "Canada Chessbrahs"]
[BlackTeam "Chicago Wind"]
[WhiteFideId "12573981"]
[BlackFideId "2059630"]
[EventDate "2020.01.06"]

1. c4 e6 2. Nf3 d5 3. e3 Nf6 4. Nc3 Bd6 5. d4 b6 6. Qc2 O-O 7. Be2 Bb7 8. cxd5
exd5 9. Nb5 Bb4+ 10. Bd2 Bxd2+ 11. Nxd2 c6 12. Nc3 Na6 13. O-O Nc7 14. b4 Qd6
15. Qb2 Ne6 16. a4 h5 17. Nf3 Nd7 18. Rfd1 Rfd8 19. b5 c5 20. a5 cxd4 21. Nxd4
Nxd4 22. Rxd4 Nf6 23. h3 Rac8 24. a6 Ba8 25. Bf3 Rc5 26. Rad1 Qe5 27. Ne4 Nxe4
28. Bxe4 Rdc8 29. Bd3 g6 30. Qe2 Kg7 31. Qf3 Re8 32. Bf1 Qc7 33. Qf4 Qc8 34. Qg5
Re6 35. g4 hxg4 36. hxg4 Qe8 37. Qh4 Re5 38. Bd3 Qe7 39. Qh3 Rc8 40. Kg2 Rh8 41.
Qg3 Re6 42. Rh1 Rxh1 43. Kxh1 Rd6 44. g5 Rd8 45. Be2 Qe6 46. Kg2 Rh8 47. Bg4 Qe7
48. Qf4 Re8 49. Bf3 Qe6 50. Rd1 Rh8 51. Qd4+ Kg8 52. Bg4 Qe7 53. Rc1 Qe4+ 54.
Qxe4 dxe4 55. Rc7 Bd5 56. Rxa7 Kg7 57. Rc7 Rd8 58. Bd7 Kf8 59. a7 Ke7 60. Bc6+
Kd6 61. Rd7+ 1-0

[Event "PRO League Group Stage"]
[Site "chess.com INT"]
[Date "2020.02.10"]
[Round "6"]
[White "Flores, Diego"]
[Black "Dominguez Perez, Leinier"]
[Result "1/2-1/2"]
[WhiteTitle "GM"]
[BlackTitle "GM"]
[WhiteElo "2599"]
[BlackElo "2758"]
[WhiteTeam "Argentina Krakens"]
[BlackTeam "Saint Louis Arch Bishops"]
[WhiteFideId "108049"]
[BlackFideId "3503240"]
[EventDate "2020.01.06"]

1. c4 e6 2. d4 Nf6 3. Nc3 d5 4. Nf3 c5 5. cxd5 Nxd5 6. e4 Nxc3 7. bxc3 cxd4 8.
cxd4 Bb4+ 9. Bd2 Bxd2+ 10. Qxd2 O-O 11. Bc4 Nd7 12. O-O b6 13. Rad1 Bb7 14. Rfe1
Rc8 15. Bb3 Re8 16. Qf4 Qc7 17. Qh4 h6 18. h3 b5 19. d5 exd5 20. exd5 Rxe1+ 21.
Rxe1 Nf6 22. Qd4 Qd6 23. Qxa7 Bxd5 24. Rd1 Qc5 25. Qxc5 Rxc5 26. Bxd5 Nxd5 27.
Rd2 Nc3 28. g3 b4 29. Rb2 Nd5 30. Kg2 Ra5 31. Nd4 Ra3 32. Nc6 Ra4 33. Rc2 g6 34.
Rc5 Nf6 35. Rb5 Rxa2 36. Rxb4 1/2-1/2

[Event "PRO League Group Stage"]
[Site "chess.com INT"]
[Date "2020.02.10"]
[Round "6"]
[White "Xiong, Jeffery"]
[Black "Villanueva, Mario"]
[Result "1-0"]
[WhiteTitle "GM"]
[BlackTitle "IM"]
[WhiteElo "2712"]
[BlackElo "2488"]
[WhiteTeam "Saint Louis Arch Bishops"]
[BlackTeam "Argentina Krakens"]
[WhiteFideId "2047640"]
[BlackFideId "113433"]
[EventDate "2020.01.06"]

1. e4 e5 2. Nf3 Nf6 3. Nxe5 d6 4. Nf3 Nxe4 5. d3 Nf6 6. d4 Be7 7. Bd3 O-O 8. O-O
Nbd7 9. Re1 Re8 10. h3 b6 11. c4 Bb7 12. Nc3 Bf8 13. Be3 g6 14. d5 Nc5 15. Bc2
a5 16. Nd4 Bg7 17. a3 Nfd7 18. b3 Ne5 19. a4 Na6 20. Qd2 Nb4 21. Rad1 Nd7 22.
Bg5 Rxe1+ 23. Rxe1 Bf6 24. Bh6 Nc5 25. Ncb5 Qd7 26. Qf4 Bh8 27. Bf5 Re8 28. Re3
Rxe3 29. Qxe3 Qd8 30. Nxc7 Be5 31. f4 Qxc7 32. fxe5 dxe5 33. Qg5 Qd6 34. Nb5 f6
35. Nxd6 fxg5 36. Be6+ Nxe6 37. dxe6 Bc6 38. e7 Nc2 39. Bxg5 Nd4 40. e8=Q+ Bxe8
41. Nxe8 Nxb3 42. Be3 Kf7 43. Nc7 1-0

[Event "PRO League Group Stage"]
[Site "chess.com INT"]
[Date "2020.02.10"]
[Round "6"]
[White "Firouzja, Alireza"]
[Black "Robson, Ray"]
[Result "0-1"]
[WhiteTitle "GM"]
[BlackTitle "GM"]
[WhiteElo "2723"]
[BlackElo "2673"]
[WhiteTeam "Canada Chessbrahs"]
[BlackTeam "Chicago Wind"]
[WhiteFideId "12573981"]
[BlackFideId "2023970"]
[EventDate "2020.01.06"]

1. Nf3 d5 2. e3 Nf6 3. c4 c6 4. Nc3 e6 5. b3 Bd6 6. Bb2 O-O 7. d4 Nbd7 8. Be2 b6
9. O-O Bb7 10. Qc2 Qe7 11. Rad1 Rac8 12. Rfe1 Rfe8 13. Qb1 h6 14. Bf1 Bb4 15.
Re2 c5 16. dxc5 dxc4 17. bxc4 Qxc5 18. Nb5 Be4 19. Qa1 Qh5 20. Ne5 Nxe5 21. Bxe5
Rxc4 22. f3 Bc2 23. Rf2 Rc5 24. Bxf6 Bxd1 25. Nd6 Ra8 26. Bxg7 Qg6 27. Bd4 Rc2
28. Ne4 Rxf2 29. Kxf2 Bc2 30. Nf6+ Kf8 31. Nd7+ Kg8 32. Ne5 Qf5 33. g4 Qg5 34.
Qb2 Bd6 35. f4 Qh4+ 36. Kg1 Bxe5 37. Bxe5 Qxg4+ 38. Kf2 Be4 39. Ke1 Rc8 40. Qd2
Qh4+ 41. Kd1 Bc2+ 42. Ke2 Qxh2+ 0-1

[Event "PRO League Group Stage"]
[Site "chess.com INT"]
[Date "2020.02.10"]
[Round "6"]
[White "Tang, Andrew"]
[Black "Saric, Ivan"]
[Result "0-1"]
[WhiteTitle "GM"]
[BlackTitle "GM"]
[WhiteElo "2521"]
[BlackElo "2655"]
[WhiteTeam "Chicago Wind"]
[BlackTeam "Canada Chessbrahs"]
[WhiteFideId "2059630"]
[BlackFideId "14508150"]
[EventDate "2020.01.06"]

1. d4 Nf6 2. c4 g6 3. f3 Bg7 4. e4 d6 5. Nc3 O-O 6. Nge2 a6 7. Be3 Nbd7 8. Qd2
b5 9. Ng3 bxc4 10. Bh6 Bxh6 11. Qxh6 c5 12. e5 dxe5 13. d5 Rb8 14. O-O-O Qa5 15.
h4 Kh8 16. h5 Rg8 17. Nge4 Nxe4 18. hxg6 Rg7 19. fxe4 Qb6 20. Rd2 Qxg6 21. Qh2
Qg3 22. Qh6 Rb6 23. d6 Rxd6 24. Rxd6 exd6 25. Qxd6 Qe3+ 26. Kc2 Qd4 27. Qe7 Qf2+
28. Be2 Qf6 29. Nd5 Qxe7 30. Nxe7 Rxg2 31. Kd1 Bb7 32. Rh4 Nf6 33. Bxc4 Nxe4 34.
Bxf7 Nf2+ 35. Ke1 Nd3+ 36. Kd1 Bf3# 0-1

[Event "PRO League Group Stage"]
[Site "chess.com INT"]
[Date "2020.02.10"]
[Round "6"]
[White "Di Berardino, Diego Rafael"]
[Black "Jones, Gawain C B"]
[Result "1/2-1/2"]
[WhiteTitle "IM"]
[BlackTitle "GM"]
[WhiteElo "2478"]
[BlackElo "2679"]
[WhiteTeam "Brazil Capybaras"]
[BlackTeam "U.K. Lions"]
[WhiteFideId "2105446"]
[BlackFideId "409561"]
[EventDate "2020.01.06"]

1. c4 g6 2. Nc3 Bg7 3. g3 c5 4. Bg2 Nc6 5. e3 e6 6. Nge2 Nge7 7. O-O b6 8. d4
cxd4 9. exd4 Bb7 10. d5 Na5 11. Nb5 O-O 12. Nd6 Ba6 13. Qa4 exd5 14. Nc3 Bxc4
15. Nxc4 dxc4 16. Bxa8 Qxa8 17. Qxd7 Nf5 18. Qd5 Nc6 19. Bf4 Rd8 20. Qg2 Rd3 21.
Rad1 Qe8 22. Rfe1 Rxd1 23. Rxd1 Ncd4 24. Qd5 b5 25. Kg2 h5 26. Ne4 Ne7 27. Qb7
Nec6 28. Re1 Ne6 29. Bg5 Bxb2 30. Bf6 Ba3 31. Qxb5 Bb4 32. Bc3 Bxc3 33. Nxc3
Nf4+ 34. Kf1 Qd7 35. gxf4 Qh3+ 36. Kg1 Qg4+ 37. Kf1 Qh3+ 38. Kg1 Qg4+ 39. Kf1
Qh3+ 1/2-1/2

[Event "PRO League Group Stage"]
[Site "chess.com INT"]
[Date "2020.02.10"]
[Round "6"]
[White "Leitao, Rafael"]
[Black "Haria, Ravi"]
[Result "1/2-1/2"]
[WhiteTitle "GM"]
[BlackTitle "IM"]
[WhiteElo "2592"]
[BlackElo "2450"]
[WhiteTeam "Brazil Capybaras"]
[BlackTeam "U.K. Lions"]
[WhiteFideId "2101246"]
[BlackFideId "415820"]
[EventDate "2020.01.06"]

1. d4 e6 2. c4 d5 3. Nf3 a6 4. cxd5 exd5 5. Bg5 Be7 6. Bxe7 Qxe7 7. Nc3 Nf6 8.
g3 O-O 9. Bg2 Bf5 10. O-O Nbd7 11. Rc1 Rfe8 12. Nh4 Be6 13. Na4 Qd6 14. Qc2 Rac8
15. a3 Ne4 16. b4 g5 17. Nf3 Bf5 18. Qa2 c6 19. Nc5 Ndxc5 20. bxc5 Qe7 21. Qb2
f6 22. e3 h5 23. Nd2 Rc7 24. Nxe4 Bxe4 25. Bxe4 Qxe4 26. Qc2 h4 27. Qxe4 Rxe4
28. Rc2 hxg3 29. hxg3 f5 30. Rb1 f4 31. Rcb2 fxe3 32. fxe3 Rxe3 33. Rxb7 Rxb7
34. Rxb7 Rxg3+ 35. Kf2 Rxa3 36. Rb6 Rd3 37. Rxc6 Rxd4 38. Rxa6 Kf7 39. Rd6 1/2-1/2

[Event "PRO League Group Stage"]
[Site "chess.com INT"]
[Date "2020.02.10"]
[Round "6"]
[White "Astaneh Lopez, Alex"]
[Black "Fier, Alexandr"]
[Result "1/2-1/2"]
[WhiteTitle "IM"]
[BlackTitle "GM"]
[WhiteElo "2432"]
[BlackElo "2528"]
[WhiteTeam "U.K. Lions"]
[BlackTeam "Brazil Capybaras"]
[WhiteFideId "2501430"]
[BlackFideId "2107139"]
[EventDate "2020.01.06"]

1. d4 Nf6 2. Nf3 e6 3. c4 c5 4. g3 cxd4 5. Nxd4 a6 6. Bg2 Qc7 7. Nd2 Bc5 8. e3
O-O 9. O-O Nc6 10. N2b3 Be7 11. c5 Qe5 12. Nxc6 dxc6 13. Qd4 Qh5 14. e4 e5 15.
Qd1 Bg4 16. f3 Be6 17. Be3 Nd7 18. Rc1 a5 19. a4 Bg5 20. Bxg5 Qxg5 21. Rc3 Qe7
22. Qd6 Rfe8 23. Qxe7 Rxe7 24. Rfc1 Nf8 25. Bf1 Rd7 26. Bc4 g6 27. Kf2 Kg7 28.
Ke3 Bxc4 29. Rxc4 f5 30. exf5 gxf5 31. g4 f4+ 32. Ke4 Ne6 33. h4 Rd5 34. Kf5
Rf8+ 35. Kxe6 e4 36. Ke7 Rdd8 37. Ke6 Rd5 38. Ke7 Rf7+ 39. Ke6 Rf6+ 40. Ke7 Re5+
41. Kd8 Rf8+ 42. Kd7 Rf7+ 43. Kd6 Rd5+ 44. Ke6 Rf6+ 45. Ke7 Re5+ 46. Kd7 Rf7+
47. Kd6 Rd5+ 48. Ke6 1/2-1/2

[Event "PRO League Group Stage"]
[Site "chess.com INT"]
[Date "2020.02.10"]
[Round "6"]
[White "Roberson, Peter T"]
[Black "Mekhitarian, Krikor Sevag"]
[Result "0-1"]
[WhiteTitle "IM"]
[BlackTitle "GM"]
[WhiteElo "2435"]
[BlackElo "2563"]
[WhiteTeam "U.K. Lions"]
[BlackTeam "Brazil Capybaras"]
[WhiteFideId "412384"]
[BlackFideId "2107660"]
[EventDate "2020.01.06"]

1. e4 e5 2. Nf3 Nc6 3. Bb5 a6 4. Ba4 d6 5. O-O Bd7 6. c4 g6 7. d4 Bg7 8. Bxc6
Bxc6 9. dxe5 dxe5 10. Qe2 Ne7 11. Rd1 Qc8 12. b3 O-O 13. Ba3 Re8 14. Nc3 Bd7 15.
Nd5 Nxd5 16. cxd5 Bb5 17. Qe3 a5 18. Rac1 Qd7 19. Qc3 a4 20. b4 Rac8 21. Bb2 f6
22. Qe3 Bf8 23. a3 Qf7 24. Ne1 c6 25. dxc6 Rxc6 26. Rxc6 bxc6 27. Qc3 Be7 28.
Bc1 Rd8 29. Rxd8+ Bxd8 30. Be3 Qc4 31. Qxc4+ Bxc4 32. f3 Kf7 33. Kf2 Ke6 34. Bc5
f5 35. Ke3 Bg5+ 36. Kf2 Bc1 37. Nc2 fxe4 38. fxe4 Bd3 39. Ne3 Bxa3 40. Nd1 Bxe4
41. Ke3 Bc2 42. Kd2 Bxd1 43. Kxd1 Kd5 44. Kc2 Kc4 45. Bd6 e4 0-1

[Event "PRO League Group Stage"]
[Site "chess.com INT"]
[Date "2020.02.10"]
[Round "6"]
[White "Cori, Jorge"]
[Black "Firouzja, Alireza"]
[Result "1/2-1/2"]
[WhiteTitle "GM"]
[BlackTitle "GM"]
[WhiteElo "2652"]
[BlackElo "2723"]
[WhiteTeam "Chicago Wind"]
[BlackTeam "Canada Chessbrahs"]
[WhiteFideId "3802272"]
[BlackFideId "12573981"]
[EventDate "2020.01.06"]

1. d4 d5 2. Nf3 Nf6 3. c4 e6 4. Nc3 Be7 5. Bg5 O-O 6. e3 Ne4 7. Bxe7 Qxe7 8. Rc1
Nxc3 9. Rxc3 c6 10. Bd3 Nd7 11. O-O dxc4 12. Bxc4 b6 13. Qc2 c5 14. Bd3 h6 15.
Be4 Rb8 16. Rd1 Bb7 17. Bxb7 Rxb7 18. dxc5 Nxc5 19. b4 Na6 20. a3 Nc7 21. Nd4
Nd5 22. Rc4 Qf6 23. Nc6 b5 24. Rc5 a6 25. g3 Nb6 26. Ne5 Rbb8 27. Rd4 g5 28. h4
Rbd8 29. Ng4 Qg7 30. Nxh6+ Qxh6 31. Rxg5+ Kh8 32. Rxd8 Rxd8 33. Qc7 Rd1+ 34. Kg2
Nd7 35. Qd8+ Qf8 36. Rh5+ Kg8 37. Rg5+ Kh8 38. Rh5+ Kg8 39. Qg5+ Qg7 40. Qd8+
Qf8 1/2-1/2